Seoul Metropolitan Subway Line 7 Stations - Statistics

General Stats
  • This quiz has been taken 30 times
    17 since last reset
  • The average score is 37 of 53
Answer Stats
Station
Number
Station Name Transfer % Correct
710 Dobongsan Line 1
93%
730 Gangnam-gu Office Suin-Bundang Line
93%
736 Isu(Chongsin Univ.) Line 4
93%
709 Jangam
93%
727 Konkuk Univ. Line 2
93%
720 Sangbong Gyeongui-Jungang LineGyeongchun Line
93%
759 Bupyeong-gu Office(Serim General Hospital) Incheon Metro Line 1
87%
744 Daerim(Guro-gu Office) Line 2
87%
734 Express Bus Terminal Line 3Line 9
87%
746 Gasan Digital Complex(Mario Outlet) Line 1
87%
713 Nowon Line 4
87%
750 Onsu(Sungkonghoe Univ.) Line 1
87%
761 Seongnam(Geobuk Market) Incheon Metro Line 2
87%
742 Boramae(Hyundai HT) LRT Sillim Line
80%
728 Jayang(Ttukseom Hangang Park)
80%
739 Sangdo
80%
717 Taereung Line 6
80%
752 Bucheon Stadium Line 7
73%
725 Gunja(Neung-dong) Line 5
73%
731 Hak-dong(Nanoori Hospital)
73%
740 Jangseungbaegi
73%
741 Sindaebangsamgeori
73%
738 Soongsil Univ.(Salpijae)
73%
733 Banpo
67%
729 Cheongdam(Cheil Orthopedic Hospital)
67%
726 Children's Grand Park(Sejong Univ.)
67%
745 Namguro
67%
737 Namseong
67%
732 Nonhyeon Sinbundang Line (DX Line)
67%
722 Sagajeong(Green Hospital)
67%
723 Yongmasan(Yongma Falls Park)
67%
755 Bucheon City Hall(Bucheon Arts Center)
60%
716 Gongneung(Seoul Nat'l Univ. of Science and Technology)
60%
758 Gulpocheon
60%
751 Kkachiul
60%
721 Myeonmok(Seoil Univ.)
60%
735 Naebang(uJung Art Center)
60%
757 Samsan Gymnasium
60%
756 Sang-dong
60%
760 Sangok
60%
743 Sinpung
60%
711 Suraksan
60%
749 Cheonwang
53%
753 Chunui
53%
748 Gwangmyeongsageori
53%
715 Hagye(Eulji Medical Center)
53%
724 Junggok
53%
714 Junggye(Korean Bible Univ.)
53%
712 Madeul
53%
718 Meokgol
53%
754 Sinjung-dong
53%
747 Cheolsan
47%
719 Junghwa
47%
No matching quizzes found
Score Distribution
Percent of People with Each Score
Percentile by Number Answered
Your Score History
You have not taken this quiz since the last reset